header

First Aid Manual (Record no. 256598)

MARC details
000 -LEADER
fixed length control field 00440nam a22001697a 4500
003 - CONTROL NUMBER IDENTIFIER
control field OSt
005 - DATE AND TIME OF LATEST TRANSACTION
control field 20170629131311.0
008 - FIXED-LENGTH DATA ELEMENTS--GENERAL INFORMATION
fixed length control field 170629b xxu||||| |||| 00| 0 eng d
020 ## - INTERNATIONAL STANDARD BOOK NUMBER
International Standard Book Number 9780241241233
040 ## - CATALOGING SOURCE
Transcribing agency RU
050 ## - LIBRARY OF CONGRESS CALL NUMBER
Classification number REF
110 ## - MAIN ENTRY--CORPORATE NAME
Corporate name or jurisdiction name as entry element St. John Ambulance
245 ## - TITLE STATEMENT
Title First Aid Manual
Remainder of title written and authorised by the UK's leading first aid providers
250 ## - EDITION STATEMENT
Edition statement 10th ed
260 ## - PUBLICATION, DISTRIBUTION, ETC. (IMPRINT)
Place of publication, distribution, etc Slovakia
Name of publisher, distributor, etc DK
Date of publication, distribution, etc 2016
942 ## - ADDED ENTRY ELEMENTS (KOHA)
Source of classification or shelving scheme Library of Congress Classification
Koha item type Reference
Holdings
Withdrawn status Lost status Source of classification or shelving scheme Damaged status Not for loan Collection code Home library Current library Shelving location Date acquired Total Checkouts Full call number Barcode Date last seen Price effective from Koha item type
    Library of Congress Classification     Reference Rongo University Library Rongo University Library General Stacks 29/06/2017   REF RC 87 .R24 2016 201700334 29/06/2017 29/06/2017 Reference
    Library of Congress Classification     Reference Rongo University Library Rongo University Library General Stacks 29/06/2017   REF RC 87 .R24 2016 201700355 29/06/2017 29/06/2017 Reference

© 2026 Rongo University
Contact us: librarian | system librarian | Rongo university